Kliknij wspólnoty autonomiczne Hiszpanii na mapie - Statystyki

Ogólne statystyki
  • Ten quiz został rozwiązany 20 razy
  • Średni wynik to 12 z 17
Odpowiedzi na mapie
Odpowiedzi zakodowano w zielono-czerwonej skali na mapie do tego quizu, zgodnie z poniższymi procentami.
 
Statystyki odpowiedzi
Odpowiedź % Poprawnych
Andaluzja
92%
Katalonia
92%
Wyspy Kanaryjskie
92%
Baleary
83%
Galicja
75%
Kraj Basków
75%
Madryt
75%
Nawarra
75%
Walencja
75%
Kastylia i Leon
67%
Murcja
67%
Asturia
58%
Estremadura
58%
La Rioja
58%
Aragonia
50%
Kantabria
50%
Kastylia-La Mancha
42%
Nie znaleziono quizów pasujących do podanych kryteriów
Rozkład punktacji
Procent ludzi z każdym wynikiem
Percentyl według liczby udzielonych odpowiedzi
Twoja historia wyników
Nie rozwiązałeś tego quizu